Formación y trayectoria de los secretarios de estado en México 1946-1982/ por Rogelio Hernández Rodríguez. (Record no. 134585)
[ view plain ]
| 000 -CABECERA | |
|---|---|
| campo de control de longitud fija | 00863nam a2200241 a 4500 |
| 005 - FECHA Y HORA DE LA ÚLTIMA TRANSACCIÓN | |
| campo de control | 20210223130715.0 |
| 008 - ELEMENTOS DE LONGITUD FIJA--INFORMACIÓN GENERAL | |
| campo de control de longitud fija | 081006s2000 mx r 000 0 spa d |
| 035 ## - NÚMERO DE CONTROL DEL SISTEMA | |
| Número de control de sistema | UPN01000162472 |
| 049 ## - COLECCIÓN | |
| Colección | UNE |
| 080 ## - NÚMERO DE CLASIFICACIÓN DECIMAL UNIVERSAL | |
| Número de la Clasificación Decimal Universal | 342.518 (72) "1988" HER. |
| 100 1# - ASIENTO PRINCIPAL--NOMBRE PERSONAL | |
| Nombre de persona | Hernández Rodríguez, Rogelio |
| 9 (RLIN) | 41417 |
| 245 10 - MENCIÓN DE TÍTULO | |
| Título | Formación y trayectoria de los secretarios de estado en México 1946-1982/ por Rogelio Hernández Rodríguez. |
| 250 ## - MENCIÓN DE EDICIÓN | |
| Mención de edición | 2a. ed. |
| 260 ## - PUBLICACIÓN, DISTRIBUCIÓN, ETC. | |
| Lugar de publicación, distribución, etc. | México : FLACSO, 1988. |
| 300 ## - DESCRIPCIÓN FÍSICA | |
| Extensión | 135 p.; 28 cm. fot. |
| 440 #0 - MENCIÓN DE SERIE/ASIENTO SECUNDARIO--TÍTULO | |
| Título | tesis; 104. |
| 500 ## - NOTA GENERAL | |
| Nota general | Incluye bibliografía |
| 690 ## - PUNTO DE ACCESO ADICIONAL DE MATERIA LOCAL--TÉRMINO DE MATERIA (OCLC, RLIN) | |
| Término de materia o nombre geográfico como elemento inicial | Politicos- Caracteristicas administrativas- Mexico |
| 690 ## - PUNTO DE ACCESO ADICIONAL DE MATERIA LOCAL--TÉRMINO DE MATERIA (OCLC, RLIN) | |
| Término de materia o nombre geográfico como elemento inicial | Politica gubernamental- Politicos- Mexico |
| 690 ## - PUNTO DE ACCESO ADICIONAL DE MATERIA LOCAL--TÉRMINO DE MATERIA (OCLC, RLIN) | |
| Término de materia o nombre geográfico como elemento inicial | Mexico- Politicos- Caracteristicas administrativas |
| 710 2# - ASIENTO SECUNDARIO - NOMBRE CORPORATIVO | |
| Nombre de entidad corporativa o nombre de jurisdicción como elemento de entrada | FLACSO. Facultad Latinoamericana de Ciencias Sociales |
| 905 ## - TIPO DE MATERIAL | |
| Tipo de material | UNESCO |
No items available.
